| 000 | 00521nam a22001817a 4500 | ||
|---|---|---|---|
| 005 | 20251108172720.0 | ||
| 008 | 250721s2001 xx 000 0 ara d | ||
| 082 | 1 | 4 | _a158.2/كار |
| 100 | 1 |
_aكارنيجي، دايل _eمؤلف |
|
| 245 | 1 | 0 | _aكيف تتعامل مع الناس / |
| 264 | 1 |
_aبيروت : _bعالم الكتب، _c2001. |
|
| 300 | _a125ص | ||
| 650 | 1 | 7 | _aعلم النفس |
| 650 | 1 | 7 | _aالعلاقات بين الأفراد |
| 650 | 1 | 7 | _aالصداقة |
| 942 |
_2ddc _cBK |
||
| 999 |
_c86659 _d86659 |
||